000 00561cas a22001814i 4500
999 _c62930
_d62930
001 768714001
003 CO-MdFUSB
005 20180504160614.0
008 180504s2008 cr ||||| |||| 00| 0 spa d
040 _aCO-MdFUSB
_bspa
_cCO-MdFUSB
_dCO-MdFUSB
041 _aspa
100 1 _aSimpson, Charles
_eautor
245 1 0 _aFe en tiempos de transición
300 _aVolumen 8. Número 3 (2008), páginas 42 - 44
_c: 28 cm.
650 1 4 _aFE
773 0 _tConquista Cristiana
_049446
_960252
_gVolumen 8. Número 3 (2008), páginas 42 - 44
_q páginas 42
942 _cANA